[Event "Titled Tue 10th Jun Late"]
[Site "chess.com INT"]
[Date "2025.06.10"]
[Round "4"]
[White "Mai, Alexander Oliver"]
[Black "Labussiere, Victor"]
[Result "0-1"]
[WhiteTitle "CM"]
[BlackTitle "FM"]
[WhiteElo "2171"]
[BlackElo "2312"]
[WhiteFideId "2313391"]
[BlackFideId "2183129"]
[EventDate "2025.06.10"]

1. e4 c5 2. Nf3 Nc6 3. Bb5 g6 4. Bxc6 bxc6 5. d4 cxd4 6. Qxd4 Nf6 7. e5 Nd5 8.
c4 Nc7 9. Nc3 Bg7 10. O-O Ne6 11. Qh4 h6 12. Re1 Rb8 13. b3 Qa5 14. Bb2 g5 15.
Qe4 Bb7 16. Rad1 Rd8 17. Re3 d5 18. exd6 exd6 19. Red3 O-O 20. a3 Nc5 21. b4
Nxe4 22. bxa5 Bxc3 23. Bxc3 Nxc3 24. Rxc3 Rfe8 25. h3 Re4 26. c5 d5 27. Nd4 Rc8
28. f3 Re7 29. Nf5 Re6 30. Nd6 Rc7 31. Rb3 Ba6 32. Rb8+ Kg7 33. Rdb1 Re2 34.
R1b2 Re3 35. R2b3 d4 36. Rxe3 dxe3 37. Re8 e2 38. Kf2 Kf6 39. Ne4+ Kg6 40. Nc3
Rd7 41. Nxe2 Rd2 42. Ke1 Ra2 43. Nd4 Rxa3 44. Nxc6 Rc3 45. Nxa7 Rxc5 46. Rb8
Rxa5 47. Nc6 Ra2 0-1

[Event "Titled Tue 10th Jun Late"]
[Site "chess.com INT"]
[Date "2025.06.10"]
[Round "4"]
[White "Zierk, Steven"]
[Black "Pavlov, Nikolay"]
[Result "1-0"]
[WhiteTitle "GM"]
[BlackTitle "FM"]
[WhiteElo "2489"]
[BlackElo "2316"]
[WhiteFideId "2034255"]
[BlackFideId "24141470"]
[EventDate "2025.06.10"]

1. e4 c6 2. d4 d5 3. e5 c5 4. Nf3 Nc6 5. dxc5 e6 6. Be3 Nh6 7. c3 Nf5 8. Bd4 b6
9. cxb6 Nfxd4 10. Nxd4 Qxb6 11. Bb5 Bd7 12. Bxc6 Bxc6 13. Qb3 Bd7 14. Qxb6 axb6
15. Nd2 f6 16. N2f3 Kf7 17. O-O g5 18. exf6 Kxf6 19. Rfe1 Bd6 20. a3 g4 21. Nd2
h5 22. Rad1 h4 23. Nc2 Bc5 24. Ne4+ dxe4 25. Rxd7 g3 26. Ne3 gxf2+ 27. Kxf2 h3
28. g3 Raf8 29. b4 Ke5+ 30. Ke2 Bxe3 31. Kxe3 Rf3+ 32. Kd2 Rc8 33. Rd4 Rf2+ 34.
Ke3 Rf3+ 35. Kd2 Rf2+ 36. Kd1 Rxc3 37. Rexe4+ Kf5 38. Rf4+ Rxf4 39. Rxf4+ Ke5
40. Rh4 Rxa3 41. Rxh3 Kd4 42. Rh6 Kd3 43. Kc1 Rc3+ 44. Kb2 Rc2+ 45. Kb3 Rc3+ 46.
Ka4 e5 47. Rd6+ Ke2 48. Re6 Re3 49. Kb5 e4 50. Kxb6 Kf3 51. b5 Rb3 52. Kc6 e3
53. b6 e2 54. b7 Rc3+ 55. Kd7 Re3 56. Rxe3+ Kxe3 57. b8=Q e1=Q 58. Qe5+ 1-0

[Event "Titled Tue 10th Jun Late"]
[Site "chess.com INT"]
[Date "2025.06.10"]
[Round "4"]
[White "Ragger, Markus"]
[Black "Zilberstein, Dmitry"]
[Result "1/2-1/2"]
[WhiteTitle "GM"]
[BlackTitle "IM"]
[WhiteElo "2566"]
[BlackElo "2358"]
[WhiteFideId "1610856"]
[BlackFideId "2010739"]
[EventDate "2025.06.10"]

1. d4 d6 2. e4 Nf6 3. Nc3 g6 4. Nf3 Bg7 5. Be3 a6 6. Qd2 Nc6 7. O-O-O Ng4 8. Bf4
e5 9. dxe5 Ngxe5 10. Bh6 Bxh6 11. Qxh6 Ng4 12. Qd2 Be6 13. Nd5 Bxd5 14. exd5
Nce5 15. Nxe5 dxe5 16. f3 Nf6 17. Qg5 Qd6 18. Qe3 O-O-O 19. Qa7 Qb6 20. Qxb6
cxb6 21. Bc4 b5 22. Bb3 Rd6 23. Rhe1 Nd7 24. a4 bxa4 25. Bxa4 Nb6 26. Bb3 f6 27.
c4 Nd7 28. Kc2 Nc5 29. Kc3 a5 30. Bc2 Kc7 31. h4 Re8 32. f4 b6 33. fxe5 fxe5 34.
Rf1 Re7 35. Rf8 e4 36. Re1 e3 37. Rf3 e2 38. Rf2 Ne4+ 39. Bxe4 Rxe4 40. Rfxe2
Rxh4 41. Re7+ Rd7 42. R1e6 Rg4 43. Rc6+ Kd8 44. Rxd7+ Kxd7 45. Rxb6 Rxg2 46.
Rb7+ Kd6 47. Rxh7 Rg3+ 48. Kc2 Kc5 49. Rc7+ Kd6 50. Rc6+ Ke5 51. b3 g5 52. Kb2
Rg2+ 53. Ka3 g4 54. Ka4 Ra2+ 55. Kb5 Ra3 56. Rg6 Rxb3+ 57. Kc6 a4 58. Rxg4 a3
59. Rg1 a2 60. Re1+ Kd4 61. Ra1 Ra3 62. d6 Kxc4 63. d7 Ra6+ 64. Kb7 Rd6 65. Kc7
Rxd7+ 66. Kxd7 Kb3 67. Kd6 Kb2 68. Rxa2+ Kxa2 1/2-1/2

[Event "Titled Tue 10th Jun Late"]
[Site "chess.com INT"]
[Date "2025.06.10"]
[Round "4"]
[White "Stojanovski, Sandi"]
[Black "Dominguez, Ramiro"]
[Result "0-1"]
[WhiteTitle "FM"]
[BlackTitle "FM"]
[WhiteElo "2169"]
[BlackElo "2210"]
[WhiteFideId "1403249"]
[BlackFideId "4420055"]
[EventDate "2025.06.10"]

1. d3 Nf6 2. Nf3 d5 3. g3 b6 4. Bg2 Bb7 5. O-O Nbd7 6. e4 dxe4 7. Ng5 e5 8. Nc3
Nc5 9. b4 Ncd7 10. a3 Be7 11. Bb2 O-O 12. Re1 c5 13. b5 Qc7 14. Ngxe4 Nxe4 15.
dxe4 Rfd8 16. Nd5 Qd6 17. Qh5 Nf8 18. Qxe5 Qxe5 19. Bxe5 Bxd5 20. exd5 Bd6 21.
f4 f6 22. Bb2 Kf7 23. c4 Re8 24. Bh3 g6 25. Kf2 f5 26. Kf3 h5 27. Bf1 Nd7 28. h3
Nf6 29. Bd3 a6 30. Rxe8 Nxe8 31. g4 hxg4+ 32. hxg4 axb5 33. cxb5 fxg4+ 34. Kxg4
Nf6+ 35. Kf3 Rh8 36. Rg1 Rh3+ 37. Rg3 Rxg3+ 38. Kxg3 Nh5+ 39. Kg4 Nxf4 40. Bc4
Nh5 41. a4 Ng7 42. Bc3 Nf5 43. Kf3 g5 44. a5 bxa5 45. Bxa5 g4+ 46. Ke4 g3 47.
Bf1 Nh4 48. b6 g2 49. Bxg2 Nxg2 50. b7 Ke7 51. Bb6 Kd7 52. Bxc5 Bb8 53. Bb6 Nh4
54. Kd4 Ng6 55. Kc5 Ne5 56. Kd4 Nf7 57. Kc5 Nd6 58. Kd4 Nxb7 0-1

[Event "Titled Tue 10th Jun Late"]
[Site "chess.com INT"]
[Date "2025.06.10"]
[Round "4"]
[White "Goldbeck, Lars"]
[Black "Hobaica, Juan Pablo"]
[Result "0-1"]
[WhiteTitle "FM"]
[BlackTitle "IM"]
[WhiteElo "2391"]
[BlackElo "2386"]
[WhiteFideId "16208188"]
[BlackFideId "104159"]
[EventDate "2025.06.10"]

1. e4 e5 2. Nc3 Nc6 3. Bc4 Nf6 4. d3 Be7 5. f4 exf4 6. Bxf4 d6 7. Nf3 O-O 8. O-O
Na5 9. Bb3 Nxb3 10. axb3 d5 11. exd5 Nxd5 12. Nxd5 Qxd5 13. Qe1 Bf6 14. Ra2 Qc5+
15. Qf2 Qxf2+ 16. Kxf2 c6 17. Re1 Be6 18. Ng5 Bf5 19. Ne4 Bd4+ 20. Kf3 Rfe8 21.
c3 Bb6 22. Raa1 Rad8 23. d4 Bxe4+ 24. Rxe4 Rxe4 25. Kxe4 Re8+ 26. Kf3 f6 27. Bg3
Kf7 28. Re1 Rxe1 29. Bxe1 Ke6 30. Ke4 f5+ 31. Kd3 Bc7 32. h3 g5 33. c4 h5 34.
Ke3 Bf4+ 35. Kf3 Bc1 36. Bc3 g4+ 37. hxg4 fxg4+ 38. Kg3 Bg5 39. Be1 Kf5 40. d5
cxd5 41. cxd5 Ke5 42. Bf2 a6 43. Bb6 Kxd5 44. Kf2 Bf6 45. Kg3 Ke4 46. Bc5 Bg5
47. Bb4 Kd3 48. Bc3 Kc2 49. b4 Kb3 50. Kf2 Bf4 51. Bf6 Kxb4 52. Ke2 Kb3 53. Kd3
b5 54. Kd4 Bc1 55. Kc5 Bxb2 56. Bg5 Ka4 57. Kb6 a5 58. Bd2 b4 59. Kc5 h4 60. Kc4
h3 61. gxh3 gxh3 62. Bf4 Bc3 63. Bg3 Bf6 64. Bc7 b3 65. Kd3 Ka3 66. Kd2 Ka2 67.
Kc1 b2+ 68. Kc2 b1=Q+ 0-1

[Event "Titled Tue 10th Jun Late"]
[Site "chess.com INT"]
[Date "2025.06.10"]
[Round "4"]
[White "Aradhya, Garg"]
[Black "Walmer, Benjamin"]
[Result "1-0"]
[WhiteTitle "IM"]
[WhiteElo "2370"]
[BlackElo "1990"]
[WhiteFideId "25006746"]
[BlackFideId "30958164"]
[EventDate "2025.06.10"]

1. d4 d5 2. c4 e6 3. Nc3 Nf6 4. Nf3 dxc4 5. g3 a6 6. Bg2 b5 7. Ne5 Nd5 8. Nxd5
exd5 9. e4 Bb4+ 10. Bd2 Bxd2+ 11. Qxd2 Be6 12. O-O-O O-O 13. f4 f5 14. exd5 Bxd5
15. Rhe1 Qd6 16. Kb1 a5 17. Qe2 Na6 18. Bxd5+ Qxd5 19. Nf3 Rae8 20. Qxe8 Rxe8
21. Rxe8+ Kf7 22. Re3 Nc5 23. Ng5+ Kg6 24. Kc2 Ne4 25. Nxe4 fxe4 26. Rde1 Qxd4
27. Rxe4 Qd3+ 28. Kc1 h5 29. Re6+ Kh7 30. R6e5 c3 31. Rxh5+ Kg6 32. Rg5+ Kf6 33.
bxc3 Qxc3+ 34. Kd1 Qa1+ 35. Ke2 Qxa2+ 36. Kf3 Qb3+ 37. Re3 Qd1+ 38. Kf2 Qd2+ 39.
Re2 Qd4+ 40. Kf3 Qd3+ 41. Kf2 Qd4+ 42. Kg2 a4 43. Ree5 Qd2+ 44. Kh3 Qd3 45. Rc5
a3 46. Rc6+ Kf7 47. Rxc7+ Kf6 48. Rc6+ Kf7 49. Rc7+ Ke6 50. Rc6+ Kd7 51. Ra6 b4
52. Rxg7+ Kc8 53. Ra8# 1-0

[Event "Titled Tue 10th Jun Late"]
[Site "chess.com INT"]
[Date "2025.06.10"]
[Round "4"]
[White "Tristan, Leonardo"]
[Black "Thorhallsson, Simon"]
[Result "1-0"]
[WhiteTitle "GM"]
[BlackTitle "FM"]
[WhiteElo "2536"]
[BlackElo "2202"]
[WhiteFideId "113816"]
[BlackFideId "2310090"]
[EventDate "2025.06.10"]

1. d4 Nf6 2. Nf3 e6 3. Bf4 d5 4. e3 Bd6 5. Bg3 O-O 6. c4 dxc4 7. Bxc4 a6 8. Nc3
b5 9. Bd3 Bb7 10. Qc2 Nbd7 11. Ne4 Nxe4 12. Bxe4 Bxe4 13. Qxe4 Qe7 14. Rc1 Bxg3
15. hxg3 Qb4+ 16. Rc3 Nf6 17. Qc2 h6 18. a3 Qa5 19. b4 Qb6 20. Rc6 Qb7 21. Rxc7
Rfc8 22. Rxb7 Rxc2 23. O-O Rc3 24. Ne5 Rf8 25. Ra1 Rc2 26. Nd7 Nxd7 27. Rxd7
Rfc8 28. Ra7 R8c6 29. g4 Rd2 30. g3 Rcc2 31. Rf1 Rc6 32. Kg2 Ra2 33. Kf3 Rxa3
34. Ke4 Ra2 35. f4 Rb2 36. Ra1 Rxb4 37. R1xa6 Rxa6 38. Rxa6 Rb3 39. Ra8+ Kh7 40.
Ra7 f5+ 41. gxf5 exf5+ 42. Kxf5 Rxe3 43. d5 Rxg3 44. d6 Rd3 45. d7 b4 46. Ke6 h5
47. Ke7 Re3+ 48. Kf8 Rd3 49. f5 b3 50. f6 b2 51. fxg7 Rf3+ 52. Ke8 b1=Q 53. d8=Q
Re3+ 54. Re7 1-0

[Event "Titled Tue 10th Jun Late"]
[Site "chess.com INT"]
[Date "2025.06.10"]
[Round "4"]
[White "Haszon, David"]
[Black "Sethuraman, Roshan"]
[Result "0-1"]
[WhiteTitle "FM"]
[WhiteElo "2264"]
[BlackElo "2074"]
[WhiteFideId "733610"]
[BlackFideId "30965250"]
[EventDate "2025.06.10"]

1. e4 c5 2. Nc3 d6 3. Nf3 Nf6 4. e5 dxe5 5. Nxe5 e6 6. Bb5+ Nbd7 7. O-O Bd6 8.
Nc4 Bb8 9. d4 a6 10. Bxd7+ Bxd7 11. dxc5 O-O 12. Nb6 Ra7 13. Bg5 Qc7 14. g3 Bc6
15. Bxf6 gxf6 16. Qh5 Qe5 17. Qxe5 Bxe5 18. Rfd1 Kg7 19. Nd7 Bxd7 20. Rxd7 Rc8
21. Na4 Rc7 22. Rad1 b5 23. Rxc7 Rxc7 24. Nb6 Rxc5 25. c3 Bc7 26. Na8 Be5 27. f4
Bb8 28. Rd7 Rc6 29. Kg2 f5 30. Rb7 Bd6 31. Nb6 Bc7 32. Na8 Bd8 33. Rd7 Bf6 34.
Rb7 Rd6 35. Nc7 Kg6 36. Kh3 Rd2 37. Nxa6 Rxb2 38. Nc7 Bxc3 39. Ne8 Rxa2 40. Rxb5
Ra8 41. Nd6 Rd8 42. Nc4 Bf6 43. Ne5+ Bxe5 44. Rxe5 Rd5 45. Re1 Rd2 46. Ra1 h5
47. Ra8 Kg7 48. Re8 Re2 49. Ra8 f6 50. Ra7+ Kg6 51. Ra8 e5 52. Rg8+ Kh7 53. Rf8
Kg7 54. Re8 e4 55. Re6 Ra2 56. Re7+ Kg6 57. Re8 Re2 58. Re7 e3 59. Re6 Kf7 60.
Ra6 Rb2 61. Ra3 e2 62. Re3 Kg6 63. Re7 Rc2 64. Re3 Kf7 65. g4 hxg4+ 66. Kg3 Kg6
67. h3 Rc3 68. Rxc3 e1=Q+ 69. Kg2 Qxc3 70. hxg4 fxg4 71. f5+ Kxf5 72. Kf2 Qf3+
73. Kg1 Ke4 74. Kh2 g3+ 75. Kg1 Qf2+ 76. Kh1 Qh2# 0-1

[Event "Titled Tue 10th Jun Late"]
[Site "chess.com INT"]
[Date "2025.06.10"]
[Round "4"]
[White "Brodowski, Piotr"]
[Black "Suleymanli, Aydin"]
[Result "0-1"]
[WhiteTitle "IM"]
[BlackTitle "GM"]
[WhiteElo "2452"]
[BlackElo "2608"]
[WhiteFideId "1124480"]
[BlackFideId "13413937"]
[EventDate "2025.06.10"]

1. g3 d5 2. Bg2 c6 3. Nf3 Bg4 4. c4 Bxf3 5. Bxf3 e6 6. Qc2 Nf6 7. O-O h5 8. d3
Nbd7 9. Bg5 Qa5 10. Nd2 Ng4 11. Nb3 Qa4 12. Rfc1 Nge5 13. Bg2 h4 14. cxd5 exd5
15. e4 hxg3 16. hxg3 dxe4 17. d4 Rh5 18. Be3 Nd3 19. Rd1 Nf6 20. Bxe4 Nb4 21.
Qe2 O-O-O 22. Bg2 Bd6 23. Nc5 Qc2 24. Qxc2 Nxc2 25. Rac1 Nxe3 26. fxe3 Bxc5 27.
dxc5 Rxd1+ 28. Rxd1 Rxc5 29. Rd2 Re5 30. Kf2 Ng4+ 31. Kf3 Nxe3 32. Bh3+ f5 33.
Re2 Nc4 34. Rxe5 Nxe5+ 35. Kf4 Nd3+ 36. Kxf5 Nxb2 37. Kg5+ Kc7 38. Kg6 c5 39.
Kxg7 c4 40. Bf5 c3 41. g4 Nc4 42. g5 Ne3 43. Bd3 c2 44. Bxc2 Nxc2 45. g6 Ne3 46.
Kf6 Kd6 47. g7 Nd5+ 48. Kf5 Ne7+ 49. Ke4 b5 50. Kd4 Nf5+ 51. Kc3 Nxg7 52. Kb4
Kc6 53. a4 bxa4 54. Kxa4 Kb6 55. Kb4 Ne6 56. Kc4 Nc5 57. Kb4 a5+ 58. Ka3 Kb5 0-1

[Event "Titled Tue 10th Jun Late"]
[Site "chess.com INT"]
[Date "2025.06.10"]
[Round "4"]
[White "Gasparyan, Erik R."]
[Black "Movahed, Sina"]
[Result "0-1"]
[WhiteTitle "IM"]
[BlackTitle "GM"]
[WhiteElo "2372"]
[BlackElo "2544"]
[WhiteFideId "13315730"]
[BlackFideId "42520835"]
[EventDate "2025.06.10"]

1. Nf3 Nf6 2. b3 d5 3. Bb2 Bf5 4. e3 c6 5. Be2 e6 6. Nh4 Bg6 7. d3 Nbd7 8. Nd2
Bd6 9. O-O Qc7 10. g3 a5 11. a3 O-O 12. Rc1 b5 13. e4 dxe4 14. Nxg6 hxg6 15.
Nxe4 Nxe4 16. dxe4 Rfd8 17. Qe1 Be5 18. Bc3 Nc5 19. Bf3 a4 20. b4 Nd7 21. Be2
Nf6 22. Bd3 Bd4 23. Bxd4 Rxd4 24. Qc3 Qb6 25. Rfe1 Rad8 26. Kg2 Ng4 27. Re2 Ne5
28. Re3 g5 29. h3 Qb8 30. Be2 Qd6 31. Re1 Qe7 32. Rc1 Qf6 33. Qc5 Rd2 34. Qc3
Nc4 35. e5 Nxe3+ 36. Qxe3 Qf5 37. Bd3 R8xd3 38. cxd3 Rxd3 39. Qe2 Rxa3 40. Rxc6
Qg6 41. Rb6 Rb3 42. Rxb5 a3 43. Ra5 Kh7 44. b5 Rb2 45. Qc4 Qf5 46. Qd4 Rb3 47.
Ra4 Qf3+ 48. Kh2 Rb1 49. Qe4+ Qxe4 50. Rxe4 a2 0-1

[Event "Titled Tue 10th Jun Late"]
[Site "chess.com INT"]
[Date "2025.06.10"]
[Round "4"]
[White "Craciun, Sasha-Matei"]
[Black "Schnaider, Ilan"]
[Result "1/2-1/2"]
[WhiteTitle "FM"]
[BlackTitle "IM"]
[WhiteElo "2320"]
[BlackElo "2388"]
[WhiteFideId "1281186"]
[BlackFideId "169013"]
[EventDate "2025.06.10"]

1. e4 c5 2. Nf3 e6 3. d4 cxd4 4. Nxd4 Bc5 5. Nb3 Bb6 6. Nc3 Ne7 7. Bd3 O-O 8.
Qe2 Nbc6 9. Be3 f5 10. Bxb6 axb6 11. O-O f4 12. e5 Ng6 13. Bxg6 hxg6 14. Rfe1 f3
15. gxf3 d5 16. exd6 e5 17. Ne4 Bh3 18. Kh1 Rf5 19. Rg1 Kh7 20. Rg3 Rh5 21. Rag1
Bf5 22. Ng5+ Rxg5 23. Rxg5 Qxd6 24. a3 Ra4 25. Nd2 Nd4 26. Qf1 Ne6 27. Rxf5 gxf5
28. Qh3+ Kg8 29. Qxf5 Rf4 30. Qg6 Qe7 31. Ne4 Rxf3 32. Qg4 Rf4 33. Qg6 b5 34.
Ng3 Rf6 35. Qe4 Nc5 36. Qd5+ Kf8 37. Ne4 Nxe4 38. Qxe4 Qf7 39. Rg2 Rxf2 40. Qb4+
Kg8 41. Qg4 Rf1+ 42. Rg1 Qd5+ 43. Qg2 Rxg1+ 44. Kxg1 Qd1+ 45. Qf1 Qxc2 46. Qxb5
Qc1+ 47. Kf2 Qf4+ 48. Kg2 Qe4+ 49. Kf2 Kh7 50. b4 Qd4+ 51. Kg2 Qe4+ 52. Kf2 Qf4+
53. Kg2 e4 54. Qh5+ Kg8 55. Qe8+ Kh7 56. Qh5+ Kg8 57. Qe8+ Kh7 58. Qh5+ 1/2-1/2

[Event "Titled Tue 10th Jun Late"]
[Site "chess.com INT"]
[Date "2025.06.10"]
[Round "4"]
[White "Harish, Neeraj"]
[Black "Qi, Jenny"]
[Result "1-0"]
[WhiteTitle "CM"]
[BlackTitle "WFM"]
[WhiteElo "2192"]
[BlackElo "1946"]
[WhiteFideId "30958130"]
[BlackFideId "30995914"]
[EventDate "2025.06.10"]

1. c4 Nf6 2. Nf3 g6 3. g3 Bg7 4. Bg2 d5 5. cxd5 Nxd5 6. Nc3 Nxc3 7. bxc3 O-O 8.
h4 h5 9. Rb1 c6 10. O-O Nd7 11. d4 Nb6 12. a4 Nd5 13. Qd3 Qa5 14. Bd2 Qc7 15. e4
Nb6 16. a5 Nd7 17. c4 b6 18. Bc3 Bb7 19. Ng5 c5 20. d5 Ne5 21. Qe2 Ba6 22. Bxe5
Qxe5 23. axb6 axb6 24. Rxb6 Qd4 25. Rc1 Rfb8 26. Rxb8+ Rxb8 27. Nf3 Qb2 28. Rc2
Qa1+ 29. Kh2 Rb2 30. Bh3 Rxc2 31. Qxc2 Qb2 32. Qxb2 Bxb2 33. Bf1 Kg7 34. Ng5 Bf6
35. f4 Bxg5 36. hxg5 Kf8 37. Kg2 Ke8 38. e5 Kd7 39. Kf3 Bb7 40. Ke4 Ba8 41. Bh3+
Kd8 42. f5 Ke8 43. fxg6 fxg6 44. Be6 Kf8 45. Bd7 Kf7 46. g4 h4 47. Kf4 Bb7 48.
e6+ Kf8 49. Bb5 Kg7 50. Kf3 Kf8 51. Kg2 Kg7 52. Kh3 Bc8 53. Kxh4 Bb7 54. Kg3 Bc8
55. Kf4 Bb7 56. Ke5 Bc8 57. d6 exd6+ 58. Kxd6 Kf8 59. Bd7 Bb7 60. e7+ Kf7 61.
e8=Q+ 1-0

[Event "Titled Tue 10th Jun Late"]
[Site "chess.com INT"]
[Date "2025.06.10"]
[Round "4"]
[White "Manukian, Artak"]
[Black "Shearsby, Jude"]
[Result "0-1"]
[BlackTitle "CM"]
[WhiteElo "2104"]
[BlackElo "2160"]
[WhiteFideId "13301373"]
[BlackFideId "462527"]
[EventDate "2025.06.10"]

1. e4 a6 2. d4 c6 3. Bd3 d5 4. e5 c5 5. c3 Nc6 6. Ne2 Bg4 7. f3 Bh5 8. g4 Bg6 9.
e6 f6 10. Bxg6+ hxg6 11. Qd3 Qd6 12. Qxg6+ Kd8 13. Qf7 Nh6 14. Bxh6 gxh6 15.
dxc5 Qxc5 16. Nd2 Kc7 17. O-O-O Rd8 18. Kb1 h5 19. Qg6 Ne5 20. Qf5 Qf2 21. Rhe1
hxg4 22. fxg4 Qxf5+ 23. gxf5 Rxh2 24. Nd4 Bh6 25. N2f3 Rf2 26. Nxe5 fxe5 27.
Rxe5 Bg7 28. Re3 Bxd4 29. cxd4 Rxf5 30. Rc1+ Kd6 31. a4 Rh8 32. Rb3 Kxe6 33.
Rxb7 Rh4 34. Rc6+ Kf7 35. Rxa6 Rxd4 36. Raa7 Re5 37. Ka2 Re2 38. Ka3 Rd3+ 39. b3
d4 40. a5 Rd1 41. Kb4 d3 42. a6 d2 43. Rd7 Rc1 44. Rab7 d1=Q 45. Rxd1 Rxd1 46.
a7 Ra2 47. Kc5 Rda1 48. Kb6 Ra6+ 49. Kc5 Rxa7 50. Rb4 Rc7+ 51. Kb6 Rcc1 52. Rf4+
Ke8 53. b4 Rab1 54. b5 Re1 55. Rf5 e6 56. Rc5 Ke7 57. Kc7 Rec1 0-1

[Event "Titled Tue 10th Jun Late"]
[Site "chess.com INT"]
[Date "2025.06.10"]
[Round "4"]
[White "Escareno Rojas, Angel Salvador"]
[Black "Alves Campelo, Danilo Cesar De L"]
[Result "1-0"]
[WhiteElo "1965"]
[BlackElo "2028"]
[WhiteFideId "5107733"]
[BlackFideId "2123657"]
[EventDate "2025.06.10"]

1. e4 e6 2. d4 d5 3. Nc3 Nf6 4. e5 Nfd7 5. f4 c5 6. Nf3 Nc6 7. Bb5 Qb6 8. Bxc6
bxc6 9. O-O Ba6 10. Re1 cxd4 11. Na4 Qa5 12. Qxd4 c5 13. Bd2 Qb5 14. Nc3 cxd4
15. Nxb5 Bxb5 16. Nxd4 Bc5 17. Be3 Bxd4 18. Bxd4 O-O 19. a4 Bc6 20. b4 Nb6 21.
b5 Bb7 22. a5 Nc4 23. a6 Bc8 24. Bc5 Re8 25. Reb1 Bd7 26. Ra4 Reb8 27. Rab4 Rc8
28. Bf2 Nb6 29. Bxb6 axb6 30. R1b2 Ra7 31. Ra4 Rac7 32. a7 Ra8 33. Rba2 Bxb5 34.
R4a3 Bc4 35. Ra1 b5 36. Ra6 d4 37. Rb6 Rcc8 38. Rb7 Bd5 39. Rxb5 Rxc2 40. Rb8+
Rc8 41. Rab1 d3 42. Rxc8+ Rxc8 43. Rb8 Rf8 44. Kf2 h6 45. g3 g6 46. Ke3 Kg7 47.
Kxd3 h5 48. Kd4 f6 49. Kc5 fxe5 50. fxe5 Kh6 51. Kb6 Kg5 52. Rxf8 h4 53. gxh4+
Kxh4 54. Rh8+ Kg5 55. a8=Q Bxa8 56. Rxa8 Kf5 57. Ra5 Kf4 58. Kc6 g5 59. Kd6 1-0

[Event "Titled Tue 10th Jun Late"]
[Site "chess.com INT"]
[Date "2025.06.10"]
[Round "4"]
[White "Mishra, Abhimanyu"]
[Black "Haddouche, Mohamed"]
[Result "1-0"]
[WhiteTitle "GM"]
[BlackTitle "GM"]
[WhiteElo "2611"]
[BlackElo "2490"]
[WhiteFideId "30920019"]
[BlackFideId "7900660"]
[EventDate "2025.06.10"]

1. Nf3 Nf6 2. c4 g6 3. g3 Bg7 4. d4 O-O 5. Bg2 d6 6. Nc3 Nc6 7. d5 Na5 8. b3 c5
9. Bb2 a6 10. O-O Rb8 11. a4 Qb6 12. Nd2 e5 13. Qc2 Nh5 14. e3 f5 15. f4 Bd7 16.
Rae1 Rbe8 17. Bf3 exf4 18. exf4 Nf6 19. Nd1 Qd8 20. Nf2 b5 21. Bc3 b4 22. Bb2
Rxe1 23. Rxe1 Re8 24. Qd1 Kf7 25. h3 Rxe1+ 26. Qxe1 h5 27. Nd3 Qe8 28. Ne5+ Kg8
29. Qe2 dxe5 30. fxe5 Ne4 31. Bxe4 fxe4 32. Qxe4 Bxh3 33. Qe3 Bf5 34. Qxc5 Bxe5
35. Bxe5 Qxe5 36. Qxa5 Qxg3+ 37. Kh1 Qe1+ 38. Kg2 Qxd2+ 39. Kf3 Bg4+ 40. Ke4
Qe2+ 41. Kf4 Qf2+ 42. Ke5 Qg3+ 43. Kd4 Qf2+ 44. Ke5 Kg7 45. Qc7+ Kh6 46. Qd8
Qg3+ 47. Kd4 Qf4+ 48. Kc5 h4 49. Qxh4+ Kg7 50. Qe7+ Kh6 51. d6 Qf5+ 52. Kb6 Qf2+
53. c5 Bf5 54. Qe5 Qd2 55. Kc7 Kh5 56. c6 Qh6 57. d7 Qh7 58. Qf6 1-0

[Event "Titled Tue 10th Jun Late"]
[Site "chess.com INT"]
[Date "2025.06.10"]
[Round "4"]
[White "Medina Paz, Miguel"]
[Black "Garzon Zapatanga, Christopher Leonel"]
[Result "1/2-1/2"]
[WhiteTitle "IM"]
[BlackTitle "FM"]
[WhiteElo "2368"]
[BlackElo "2155"]
[WhiteFideId "7300379"]
[BlackFideId "3634787"]
[EventDate "2025.06.10"]

1. d4 Nf6 2. c4 e6 3. Nf3 d5 4. Nc3 Be7 5. Bg5 c6 6. e3 O-O 7. Rc1 Nbd7 8. Bd3
dxc4 9. Bxc4 b5 10. Bd3 Bb7 11. O-O a6 12. Bxf6 Nxf6 13. Ne4 Nd7 14. Qc2 f5 15.
Nc5 Bxc5 16. dxc5 Qf6 17. e4 Rad8 18. Rfe1 Nxc5 19. Qxc5 Rxd3 20. exf5 exf5 21.
Re7 Rd5 22. Qa3 Rfd8 23. Rce1 Bc8 24. Re8+ Kf7 25. Ne5+ Rxe5 26. R8xe5 Qxe5 27.
Qb3+ Be6 28. Qb4 c5 29. Qh4 Qf6 30. Qg3 Rd2 31. Qc7+ Rd7 32. Qg3 Bd5 33. h3 f4
34. Qg4 Be6 35. Qf3 g5 36. Qh5+ Qg6 37. Qf3 Bd5 38. Qg4 Re7 39. Rd1 Be6 40. Qf3
h5 41. Rd6 Kg7 42. Kh2 Qf5 43. Qc3+ Qf6 44. Qxc5 f3 45. g3 h4 46. Rd4 hxg3+ 47.
Kxg3 Bf5 48. Rd5 Bg6 49. Rxg5 Re4 50. Rg4 Rxg4+ 51. hxg4 Qf8 52. Qa7+ Qf7 53.
Qxa6 Qc7+ 54. Kxf3 Qf7+ 55. Kg3 Qd5 56. Qa7+ Kf6 57. Qb6+ Kg7 58. Qc7+ Kf6 59.
Qc3+ Kf7 60. Qc7+ Kf6 61. Qb6+ Kf7 62. Qc7+ Kf6 1/2-1/2

[Event "Titled Tue 10th Jun Late"]
[Site "chess.com INT"]
[Date "2025.06.10"]
[Round "4"]
[White "Kalyani Sirin"]
[Black "Blackburn, Jonathan L B"]
[Result "0-1"]
[WhiteTitle "WFM"]
[BlackTitle "FM"]
[WhiteElo "2138"]
[BlackElo "2207"]
[WhiteFideId "33323500"]
[BlackFideId "1801090"]
[EventDate "2025.06.10"]

1. e4 e6 2. d4 d5 3. Nd2 Nf6 4. e5 Nfd7 5. Bd3 c5 6. c3 Nc6 7. Ne2 cxd4 8. cxd4
f6 9. exf6 Nxf6 10. O-O Bd6 11. Nf3 Qc7 12. Bg5 O-O 13. Bh4 Nh5 14. Ng3 Nf4 15.
Bb1 e5 16. dxe5 Nxe5 17. Nxe5 Bxe5 18. Bc2 h6 19. Rc1 Qd6 20. Nh5 Bf5 21. Bxf5
Rxf5 22. Nxf4 Bxf4 23. Bg3 d4 24. Bxf4 Qxf4 25. Qb3+ Kh7 26. Qd3 Kh8 27. Rc4 Rd5
28. g3 Qf6 29. Rd1 Rad8 30. Rd2 b5 31. Rc1 a6 32. a3 Qe6 33. Re2 Re5 34. Rce1
Rxe2 35. Rxe2 Qf6 36. Re4 Qb6 37. Kg2 Qc6 38. f3 Qc5 39. h4 Qc1 40. Re2 Qc5 41.
Rc2 Qe5 42. Re2 Qc5 43. Rc2 Qe5 44. Rd2 Qc5 45. Re2 Qd5 46. Re4 Qc5 47. Qd2 d3
48. Re3 Qc2 49. Qxc2 dxc2 50. Rc3 Rd2+ 51. Kh3 a5 52. b4 a4 53. Kg4 Rd3 54. Rxc2
Rxa3 55. Rc5 Rb3 56. Rxb5 a3 57. f4 g6 0-1

[Event "Titled Tue 10th Jun Late"]
[Site "chess.com INT"]
[Date "2025.06.10"]
[Round "4"]
[White "Pullela, Sricharan"]
[Black "Arakelyan, Manvel"]
[Result "1-0"]
[BlackTitle "FM"]
[WhiteElo "2144"]
[BlackElo "2326"]
[WhiteFideId "30951089"]
[BlackFideId "13317415"]
[EventDate "2025.06.10"]

1. Nf3 d5 2. d3 Nc6 3. Nbd2 e5 4. e4 Nf6 5. g3 Bc5 6. Bg2 O-O 7. O-O Re8 8. c3
a5 9. Qc2 Bb6 10. Re1 h6 11. h3 Be6 12. Nf1 d4 13. c4 Nd7 14. Qe2 Nc5 15. Rd1 f6
16. Ne1 a4 17. f4 Bf7 18. f5 Ba5 19. Nf3 Rb8 20. Bd2 b5 21. Bxa5 Nxa5 22. cxb5
Rxb5 23. Rdc1 Qd6 24. Ne1 Reb8 25. Rc2 Nc6 26. a3 Na5 27. g4 Qb6 28. Rac1 Rb7
29. h4 Kf8 30. g5 hxg5 31. hxg5 Na6 32. g6 Bg8 33. Ng3 Rxb2 34. Nh5 c5 35. Nf3
Rxc2 36. Rxc2 c4 37. Kh2 c3 38. Nh4 Qb1 39. Qf2 Nc5 40. Re2 Rb2 41. Rxb2 cxb2
42. Qg3 Qc1 43. Nxf6 b1=Q 44. Nh7+ Ke8 45. f6 Qg1+ 46. Kh3 Qxd3 47. f7+ Bxf7 48.
gxf7+ Kxf7 49. Ng5+ Kg8 50. Ngf3 Nxe4 51. Qxe5 Nf2+ 52. Kg3 Qe4 53. Qb8+ Kh7 54.
Ng5+ Kh6 55. Nxe4 Nxe4+ 56. Kh3 Qe3+ 57. Kh2 Qf2 58. Nf3 Kg6 59. Qh8 Nf6 60. Qh3
Qe3 61. Qe6 1-0